| 000 | 01258nam0a2200349 4500 | ||
|---|---|---|---|
| 001 | RU\NLR\bibl\160311 | ||
| 005 | 20260406073128.0 | ||
| 010 |
_a5-93775-017-9 _910000 |
||
| 021 |
_aRU _b2000-43193 _91999 |
||
| 035 | _a(NLR Aleph) 000157254 | ||
| 090 |
_a903876 _c903876 |
||
| 100 | _a20010320d2000 |||y0rusy50 ca | ||
| 101 | 0 | _arus | |
| 102 | _aRU | ||
| 105 | _aa ||||||||| | ||
| 200 | 1 |
_aЗаиньки _e[Стихи _eДля дошк. возраста (родители читают детям) _fБерестов В. Д. _gХудож. Д. Юдина] |
|
| 210 |
_aБ. м. _cЕ.В. Киселева _d2000 |
||
| 215 |
_a1 л.(слож. в 9 с.) _cцв. ил. _d17 |
||
| 225 | 1 | _aСерия "Синичка" | |
| 300 | _aАвт. указан перед вып. дан. | ||
| 675 |
_a821.161.1-93Берестов _v3 _zrus |
||
| 686 |
_a17.82.93 _2rugasnti |
||
| 686 |
_a84(2Рос=Рус)6-44 _2rubbk |
||
| 686 | _aШ9(2)60=Р7-5 | ||
| 700 | 1 |
_4070 _8rus _7ca _aБерестов _bВ. Д. _gВалентин Дмитриевич _f1928-1998 _3RU\NLR\auth\7731156 _914167 |
|
| 801 | 0 |
_aRU _bRKP _c20010320 _gPSBO |
|
| 801 | 1 |
_aRU _bRKP _c20010320 |
|
| 801 | 2 |
_aRU _bNLR _c20090618 _grcr |
|
| 942 | _cBOOK | ||
| 980 | _aNB | ||